000 01383nab a22002417a 4500
999 _c5593
_d5593
003 OSt
005 20251219175537.0
008 190429b xxu||||| |||| 00| 0 spa d
040 _cPJ
100 _96572
_a Elías, Juan Ignacio
245 1 0 _aLey 27.786 y estándares de participación en asociaciones mafiosas. Un análisis a la luz de la normativa y jurisprudencia italiana /
_cJuan Ignacio Elías .
260 _cCiudad Autónoma de Buenos Aires :
_aThomson Reuters La Ley,
_b2025.
300 _ap. 5-16
500 _a Cita: TR LALEY AR/DOC/2849/2025.
505 _aSumario: I. Introducción.— II. Mafia ¿ Crimen organizado.— III. La reforma penal argentina (ley 27.786).— IV. La asociación mafiosa en el Cód. Penal italiano.— V. Derecho penal de la emergencia y garantismo: la crítica de Ferrajoli.— VI. El standard de participación elaborado en la jurisprudencia italiana.— VII. Consideraciones finales.
505 _tSi te interesa el texto completo, solicitalo a koha@justierradelfuego.gov.ar
650 0 _9343
_aDERECHO PENAL
650 0 _92758
_aASOCIACIÓN ILÍCITA
650 0 _9615
_aDERECHOS Y GARANTIAS CONSTITUCIONALES
650 0 _9180
_aDEBIDO PROCESO
773 0 _02658
_93164
_tRevista de derecho penal y criminología. Nº 11 - Diciembre 2025
_dCiudad Autónoma de Buenos Aires : Thomson Reuters La Ley, 2017-
_x00347914
942 _2udc
_cANA